000 01377nam a2200337Ic 4500
001 59869
003 CO-BoRNBP
005 20251107212231.0
007 ta
008 210813r20092016mx d er 000 0 spa d
020 _a9786071702340
040 _aCO-BoRNBP
_bspa
_erda
_cCO-BoRNBP
041 0 _aspa
082 0 4 _a657.3
_bD24a
_222
100 _aDelgado Castillo, Héctor
_eaut
_966994
245 1 0 _aAnálisis de estados financieros :
_bfinanzas para no financieros /
_cHéctor Delgado Castillo.
250 _aSegunda edición
_bReimpresión
264 1 _aMéxico :
_bEditorial Trillas,
_c2018
300 _a144 páginas
336 _atexto
_btxt
_2rdacontent
337 _asin mediación
_bn
_2rdamedia
338 _avolumen
_bnc
_2rdacarrier
500 _aIncluye índice analítico
505 0 _aEstados financieros -- Análisis e interpretación de estados financieros -- Administración financiera del capital de trabajo -- Administración del efectivo y valores negociables -- Administración de la cobranza y de las cuentas por cobrar -- Administración financiera de los inventarios -- Administración presupuestaria
521 _aRecomendado para un público adulto
650 0 7 _aCuentas corrientes
_2lemb
_966995
650 0 7 _aCuentas por cobrar
_2lemb
_966996
650 0 7 _aEstados financieros
_2LEMB
650 0 7 _aInventarios
_2LEMB
_911731
942 _2ddc
_cBK
999 _c59869
_d59869